Normal view
MARC view
Entry Personal Name
001 - CONTROL NUMBER
- control field: 6627
003 - CONTROL NUMBER IDENTIFIER
- control field: BD-RjUL
005 - DATE AND TIME OF LATEST TRANSACTION
- control field: 20230118115433.0
008 - FIXED-LENGTH DATA ELEMENTS
- fixed length control field: 230118|| aca||aabn | a|a d
040 ## - CATALOGING SOURCE
- Original cataloging agency: BD-RjUL
- Transcribing agency: BD-RjUL
100 ## - HEADING--PERSONAL NAME
- Personal name: ফজল, আবুল
670 ## - SOURCE DATA FOUND
- Source citation: Work cat.: (BD-RjUL)64417: কায়কোবাদ 179862, কাব্য-সংকলন : , ১৯৬৭ [১৩৭৪].